Optimized Security Protocol for Wireless Sensor Networks; (Record no. 594604)
[ view plain ]
| 000 -LEADER | |
|---|---|
| fixed length control field | 00533nam a22001457a 4500 |
| 020 ## - INTERNATIONAL STANDARD BOOK NUMBER | |
| International Standard Book Number | 9783848409792 |
| 040 ## - CATALOGING SOURCE | |
| Transcribing agency | NUST |
| 082 ## - DEWEY DECIMAL CLASSIFICATION NUMBER | |
| Classification number | 005.8 YOU |
| 100 ## - MAIN ENTRY--PERSONAL NAME | |
| Personal name | Javed, Yonus |
| 9 (RLIN) | 112026 |
| 110 ## - MAIN ENTRY--CORPORATE NAME | |
| Corporate name or jurisdiction name as entry element | Tahir, Hassan |
| 9 (RLIN) | 112027 |
| 245 ## - TITLE STATEMENT | |
| Title | Optimized Security Protocol for Wireless Sensor Networks; |
| Remainder of title | Security in Wireless Sensor Networking |
| 260 ## - PUBLICATION, DISTRIBUTION, ETC. | |
| Place of publication, distribution, etc. | Germany; |
| Name of publisher, distributor, etc. | LAP Lambert Academic Publishing, |
| Date of publication, distribution, etc. | 2012. |
| 650 ## - SUBJECT ADDED ENTRY--TOPICAL TERM | |
| Topical term or geographic name entry element | Optimized Security Protocol for Wireless Sensor Networks Security in Wireless Sensor Networking |
| 9 (RLIN) | 112028 |
| 942 ## - ADDED ENTRY ELEMENTS (KOHA) | |
| Source of classification or shelving scheme | |
| Koha item type | Book |
| Withdrawn status | Lost status | Source of classification or shelving scheme | Damaged status | Not for loan | Permanent Location | Current Location | Shelving location | Date acquired | Total Checkouts | Full call number | Barcode | Date last seen | Price effective from | Koha item type |
|---|---|---|---|---|---|---|---|---|---|---|---|---|---|---|
| College of Electrical & Mechanical Engineering (CEME) | College of Electrical & Mechanical Engineering (CEME) | General Stacks | 05/02/2023 | 005.8 YOU | CEME-47184 | 05/02/2023 | 05/02/2023 | Book |
